000 00679nam a2200217 a 4500
999 _c2962
_d2962
001 2962
003 BD-JhCC
005 20171108190749.0
008 171108s bg |||| ||a| 000 0 ben d
035 _a(BD-JhCC) 2962
040 _aBD-JhCC
_dBD-JhCC
041 _aben
082 _a891.443
_bCHO
100 _aচট্টোপাধ্যায়, শরৎচন্দ্র
245 _aপল্লী সমাজ /
_cশরৎচন্দ্র চট্টোপাধ্যায়
260 _aঢাকা :
_bমশিরেখা প্রকাশনী ,
300 _a128 p .:
_c22 cm .
650 _aBengali Novel
942 _2ddc
_cBK